000 00667nam a22002057a 4500
003 OSt
005 20251125133403.0
008 251125b |||||||| |||| 00| 0 eng d
020 _a 978-1-138-47936-8
040 _aDWC-Main lib
_cOC
082 _aCirc. 418.0772 D657 2017
100 _aMckinley, Michael
245 _aDoing research in applied linguistics :
_brealities, dilemmas, and solutions/
_cMichael Mckinley
260 _aN.Y :
_bRoutledge ,
_cc2017.
300 _axviii, 262 pages :
_billustrations ;
_c23cm..
504 _aIncludes index
650 _a1. Applied Linguistics- Research
700 _aRose Heath
942 _2ddc
_cBK-CIRC
_kCirc.
_n0
999 _c6267
_d6267